Space explorers / (Record no. 997)

MARC details
000 -LEADER
fixed length control field 00922nam a22002657a 4500
005 - DATE AND TIME OF LATEST TRANSACTION
control field 20250213153508.0
020 ## - INTERNATIONAL STANDARD BOOK NUMBER
International Standard Book Number 9780439114936
040 ## - CATALOGING SOURCE
Original cataloging agency FISKH
Language of cataloging eng
Transcribing agency FISKH
Modifying agency FISKH
050 ## - LIBRARY OF CONGRESS CALL NUMBER
Classification number PZ7.M26572
082 ## - DEWEY DECIMAL CLASSIFICATION NUMBER
Classification number 523.1
100 ## - MAIN ENTRY--PERSONAL NAME
Personal name Moore, Eva
245 ## - TITLE STATEMENT
Title Space explorers /
Statement of responsibility, etc. illustrations by Ted Enik
250 ## - EDITION STATEMENT
Edition statement This edition first printing, January 2000.
260 ## - PUBLICATION, DISTRIBUTION, ETC.
Place of publication, distribution, etc. New York :
Name of publisher, distributor, etc. Scholastic,
Date of publication, distribution, etc. 2000.
300 ## - PHYSICAL DESCRIPTION
Extent 76 pages :
Other physical details illustrations,
Dimensions 20 cm.
490 ## - SERIES STATEMENT
Materials specified The magic school bus science:
Series statement chapter book,
Volume/sequential designation Book 4.
505 ## - FORMATTED CONTENTS NOTE
Formatted contents note P <br/>
520 ## - SUMMARY, ETC.
Summary, etc. Carlos and his classmates join Ms. Frizzle on an expedition to outer space where they learn about the solar system.
521 ## - TARGET AUDIENCE NOTE
Target audience note 640<br/>
Source Lexile <br/>
521 ## - TARGET AUDIENCE NOTE
Target audience note P <br/>
Source Raz-Plus <br/>
650 ## - SUBJECT ADDED ENTRY--TOPICAL TERM
Source of heading or term Outer Space
Topical term or geographic name entry element Explarations
Form subdivision astronomy
General subdivision solar system
650 ## - SUBJECT ADDED ENTRY--TOPICAL TERM
Source of heading or term Outer Space
Topical term or geographic name entry element Explarations
Form subdivision astronomy
General subdivision solar system
942 ## - ADDED ENTRY ELEMENTS (KOHA)
Source of classification or shelving scheme Dewey Decimal Classification
Koha item type Books
Suppress in OPAC No
999 ## -
-- 997
-- 997
Holdings
Withdrawn status Lost status Source of classification or shelving scheme Damaged status Not for loan Collection Home library Current library Shelving location Date acquired Total Checkouts Full call number Barcode Date last seen Date last checked out Copy number Price effective from Koha item type
    Dewey Decimal Classification     Non-Fiction Footprints International School Library Network Toul Kork Campus Footprints International School Library Network Toul Kork Campus TK Primary Library Room(4th Floor), Bookcase 3&4, Shelves 17-32, Yellow Books 07/18/2023 1 MOO 523.1 PZ7.M26572 FISTK01892 10/26/2023 10/19/2023 1 07/18/2023 Books
    Dewey Decimal Classification     Non-Fiction Footprints International School Library Network Toul Kork Campus Footprints International School Library Network Toul Kork Campus TK Primary Library Room(4th Floor), Bookcase 3&4, Shelves 17-32, Yellow Books 07/18/2023 2 MOO 523.1 PZ7.M26572 FISTK01891 01/04/2024 12/14/2023 2 07/18/2023 Books
    Dewey Decimal Classification     Non-Fiction Footprints International School Library Network Toul Kork Campus Footprints International School Library Network Toul Kork Campus TTP Primary Yellow Bookshelves 02/13/2025   MOO 523.1 PZ7.M26572 2025-0546 02/13/2025   3 02/13/2025 Books
    Dewey Decimal Classification     Non-Fiction Footprints International School Library Network Toul Kork Campus Footprints International School Library Network Toul Kork Campus TTP Primary Yellow Bookshelves 02/13/2025   MOO 523.1 PZ7.M26572 2025-0547 02/13/2025   4 02/13/2025 Books
    Dewey Decimal Classification     Non-Fiction Footprints International School Library Network Toul Kork Campus Footprints International School Library Network Toul Kork Campus TTP Primary Yellow Bookshelves 02/13/2025   MOO 523.1 PZ7.M26572 2025-0548 02/13/2025   5 02/13/2025 Books
    Dewey Decimal Classification     Non-Fiction Footprints International School Library Network Toul Kork Campus Footprints International School Library Network Toul Kork Campus TTP Primary Yellow Bookshelves 02/13/2025 1 MOO 523.1 PZ7.M26572 2025-0549 01/21/2026 12/11/2025 6 02/13/2025 Books